000 00266nam a22001217a 4500
008 170614b xxu||||| |||| 00| 0 eng d
041 _aeng
080 _a94
100 _a17
101 _aSHH
245 _aSPANISH CONQUISTADORES
_cKIRKPATRICK,F.A
942 _2udc
_cBK
999 _c17316
_d17316